[Event "COL-chT (Women)"]
[Site "Risaralda"]
[Date "2023.11.23"]
[Round "7.2"]
[White "Vargas Siempira, Diana Alejandra"]
[Black "Largo Chaparro, Sofia Alejandra"]
[Result "0-1"]
[WhiteElo "1530"]
[BlackElo "1465"]
[PlyCount "78"]
[EventDate "2023.11.19"]
[EventType "team-swiss"]
[EventRounds "7"]
[EventCountry "COL"]
[SourceTitle "CB49_2023"]
[SourceDate "2023.12.06"]
[SourceVersion "1"]
[SourceVersionDate "2023.12.06"]
[SourceQuality "1"]
[WhiteTeam "Casanare (W)"]
[BlackTeam "Boyaca (W)"]
[WhiteTeamCountry "COL"]
[BlackTeamCountry "COL"]

1. e4 e6 2. d4 d5 3. exd5 exd5 4. Nf3 Bg4 5. Be3 Bd6 6. Nbd2 Nc6 7. c3 Nge7 8. Bd3 Qd7 9. Qc2 h6 10. h3 Bf5 11. Nb3 b6 12. 0-0 0-0 13. Qd2 Bxh3 14. Bxh6 Qg4 15. Qg5 Qxg2+ 16. Qxg2 Bxg2 17. Kxg2 gxh6 18. Rh1 Kg7 19. Rh4 Ng6 20. Rg4 f5 21. Rxg6+ Kxg6 22. Re1 Ne7 23. Re6+ Rf6 24. Re1 Rg8 25. Kh3 Kf7 26. Nc1 Rfg6 27. Ne2 Rg4 28. Nh4 R4g5 29. f4 Rg4 30. Bxf5 Rxh4+ 31. Kxh4 Nxf5+ 32. Kh3 h5 33. Rf1 Rg4 34. Rf2 Kf6 35. a3 Ne7 36. Rg2 Rxg2 37. Kxg2 Ng6 38. Kf3 h4 39. Kg4 h3 0-1

[Event "COL-chT (Women)"]
[Site "Santa Marta"]
[Date "2022.11.05"]
[Round "7.3"]
[White "Vargas Siempira, Diana Alejandra"]
[Black "Pinto Aponte, Lina"]
[Result "1-0"]
[WhiteElo "1513"]
[BlackElo "1534"]
[PlyCount "53"]
[EventDate "2022.11.02"]
[EventType "team-swiss"]
[EventRounds "7"]
[EventCountry "COL"]
[SourceTitle "CBM 211 Extra"]
[Source "ChessBase"]
[SourceDate "2023.01.31"]
[SourceVersion "1"]
[SourceVersionDate "2023.01.31"]
[SourceQuality "1"]
[WhiteTeam "Casanare (W)"]
[BlackTeam "Cordoba (W)"]
[WhiteTeamCountry "COL"]
[BlackTeamCountry "COL"]

1. e4 e5 2. Nf3 Nc6 3. Bc4 Nf6 4. d3 Bc5 5. Bg5 Be7 6. Nc3 d6 7. h3 0-0 8. 0-0 a6 9. a3 Be6 10. Ba2 Qd7 11. Re1 Rad8 12. Qe2 Nd4 13. Qd1 Qc6 14. Nxd4 exd4 15. Ne2 Qb6 16. Nf4 Bxa2 17. Rxa2 Rfe8 18. Bxf6 Bxf6 19. Nd5 Qc6 20. Nxf6+ gxf6 21. Ra1 d5 22. exd5 Qxd5 23. Rxe8+ Rxe8 24. Qg4+ Kf8 25. Qf4 Qe5 26. Qd2 c5 27. Rc1 1-0

[Event "COL Intercollegiate-chT U18 Girls"]
[Site "Palmira"]
[Date "2017.10.21"]
[Round "5.3"]
[White "Vargas Siempira, Diana Alejandra"]
[Black "Varela, Maria de los Angele"]
[Result "0-1"]
[WhiteElo "1556"]
[BlackElo "1830"]
[PlyCount "32"]
[EventDate "2017.10.19"]
[EventType "swiss"]
[EventRounds "12"]
[EventCountry "COL"]
[SourceTitle "CBM 181 Extra"]
[Source "ChessBase"]
[SourceDate "2017.12.12"]
[SourceVersion "1"]
[SourceVersionDate "2017.12.12"]
[SourceQuality "1"]

1. e4 c5 2. Nf3 e6 3. g3 Nc6 4. Bg2 d5 5. exd5 exd5 6. 0-0 Nf6 7. d4 cxd4 8. Nxd4 Be7 9. h3 0-0 10. Be3 Ne5 11. b3 a6 12. Nd2 Bd7 13. f4 Nc6 14. Nxc6 Bxc6 15. c4 d4 16. Bf2 Bc5 0-1

[Event "COL-ch (Women)"]
[Site "Quibdo"]
[Date "2015.11.13"]
[Round "7"]
[White "Vargas Siempira, Diana Alejandra"]
[Black "Duran, Maria Camila"]
[Result "1-0"]
[WhiteElo "1571"]
[BlackElo "1536"]
[PlyCount "77"]
[EventDate "2015.11.10"]
[EventType "swiss"]
[EventRounds "9"]
[EventCountry "COL"]
[SourceTitle "CBM 169 Extra"]
[Source "ChessBase"]
[SourceDate "2015.12.18"]
[SourceVersion "1"]
[SourceVersionDate "2015.12.18"]
[SourceQuality "1"]

1. e4 c5 2. Nf3 Nc6 3. g3 Nf6 4. Nc3 e6 5. d3 d5 6. Bg5 Be7 7. exd5 exd5 8. Bg2 d4 9. Ne2 0-0 10. 0-0 h6 11. Bf4 Nd5 12. Bd2 Bg4 13. Qe1 Re8 14. Qc1 Qd7 15. Re1 Bf6 16. Nf4 Nxf4 17. Bxf4 Rxe1+ 18. Qxe1 Re8 19. Qd2 g5 20. Nxg5 Bxg5 21. Bxg5 hxg5 22. Qxg5+ Kf8 23. Qh6+ Ke7 24. Qg5+ f6 25. Re1+ Kd8 26. Rxe8+ Kxe8 27. Qxf6 Nb4 28. Qh8+ Ke7 29. Qe5+ Qe6 30. Qg5+ Kd6 31. Qd8+ Qd7 32. Qb8+ Qc7 33. Qf8+ Qe7 34. Qf4+ Qe5 35. Qxg4 Qe1+ 36. Bf1 Nxc2 37. Qg6+ Kc7 38. Qf7+ Kb6 39. Qb3+ 1-0

[Event "COL-ch (Women)"]
[Site "Quibdo"]
[Date "2015.11.10"]
[Round "2"]
[White "Vargas Siempira, Diana Alejandra"]
[Black "Mateus, Martha"]
[Result "0-1"]
[WhiteElo "1571"]
[BlackElo "2140"]
[PlyCount "112"]
[EventDate "2015.11.10"]
[EventType "swiss"]
[EventRounds "9"]
[EventCountry "COL"]
[SourceTitle "CBM 169 Extra"]
[Source "ChessBase"]
[SourceDate "2015.12.18"]
[SourceVersion "1"]
[SourceVersionDate "2015.12.18"]
[SourceQuality "1"]

1. e4 c5 2. Nf3 d6 3. d3 Nc6 4. Nc3 g6 5. g3 Bg7 6. Bg2 Rb8 7. 0-0 b5 8. a3 a5 9. Rb1 b4 10. axb4 axb4 11. Nd5 e6 12. Nf4 Nge7 13. b3 Nd4 14. Bb2 e5 15. Ne2 Nec6 16. Nexd4 Nxd4 17. Nxd4 cxd4 18. f4 h5 19. h3 g5 20. f5 Bf6 21. Qe1 Qc7 22. Rf2 Bd7 23. Qe2 Ke7 24. Ra1 h4 25. g4 Rhc8 26. Ra2 Kf8 27. Qd2 Qc5 28. Bc1 Bc6 29. Bf3 Bb5 30. Bb2 Rb7 31. Ba1 Kg7 32. Kh2 Bd8 33. Kg1 f6 34. Bg2 Bb6 35. Kh2 Bc6 36. Re2 Bc7 37. Kg1 Re8 38. Qe1 Rbb8 39. Bf3 Rbd8 40. Bg2 Bb5 41. Bf3 Bc6 42. Bg2 Ra8 43. Qb1 Bb5 44. Bf3 Bc6 45. Bg2 Rxa2 46. Qxa2 Ra8 47. Qb1 d5 48. Bb2 dxe4 49. Bxe4 Bxe4 50. Rxe4 Rc8 51. Kf2 Bb6 52. Re2 Qd6 53. Qg1 e4 54. Rxe4 Rxc2+ 55. Re2 Qf4+ 56. Ke1 Rxb2 0-1

[Event "COL-ch blitz (Women)"]
[Site "Quibdo"]
[Date "2015.11.08"]
[Round "8"]
[White "Franco Valencia, Beatriz Irene"]
[Black "Vargas Siempira, Diana Alejandra"]
[Result "1-0"]
[WhiteElo "2210"]
[BlackElo "1676"]
[PlyCount "87"]
[EventDate "2015.11.08"]
[EventType "swiss (blitz)"]
[EventRounds "18"]
[EventCountry "COL"]
[SourceTitle "CBM 169 Extra"]
[Source "ChessBase"]
[SourceDate "2015.12.18"]
[SourceVersion "1"]
[SourceVersionDate "2015.12.18"]
[SourceQuality "1"]

1. d4 d5 2. Nf3 Nf6 3. e3 c6 4. b3 Bg4 5. Bb2 Nbd7 6. Bd3 e6 7. Nbd2 Bd6 8. h3 Bh5 9. 0-0 0-0 10. c4 Bc7 11. Qc2 Qe7 12. Ne5 Nxe5 13. dxe5 Nd7 14. Bxh7+ Kh8 15. Bd3 Bxe5 16. Bc3 Bxc3 17. Qxc3 Qf6 18. Qxf6 Nxf6 19. Rac1 dxc4 20. Nxc4 Rad8 21. Bb1 Nd5 22. g4 Bg6 23. Bxg6 fxg6 24. Ne5 Kh7 25. Rfd1 Nf6 26. Kg2 Ne4 27. f3 Nf6 28. e4 g5 29. Nd3 Rfe8 30. Nc5 Rxd1 31. Rxd1 b6 32. Nd7 Ng8 33. Ne5 c5 34. Rd7 Re7 35. Rd8 Nf6 36. Kg3 Ng8 37. h4 gxh4+ 38. Kxh4 Nf6 39. Kg5 Ng8 40. a4 Rc7 41. Ng6 Rb7 42. Nf8+ Kh8 43. Nxe6 Re7 44. Kf5 1-0

[Event "COL-ch blitz (Women)"]
[Site "Quibdo"]
[Date "2015.11.08"]
[Round "7"]
[White "Vargas Siempira, Diana Alejandra"]
[Black "Franco Valencia, Beatriz Irene"]
[Result "0-1"]
[WhiteElo "1676"]
[BlackElo "2210"]
[PlyCount "66"]
[EventDate "2015.11.08"]
[EventType "swiss (blitz)"]
[EventRounds "18"]
[EventCountry "COL"]
[SourceTitle "CBM 169 Extra"]
[Source "ChessBase"]
[SourceDate "2015.12.18"]
[SourceVersion "1"]
[SourceVersionDate "2015.12.18"]
[SourceQuality "1"]

1. e4 c6 2. d4 g6 3. Nf3 Bg7 4. Be3 d5 5. exd5 cxd5 6. c3 Nc6 7. Bd3 Nh6 8. h3 0-0 9. 0-0 f6 10. Bc2 Nf7 11. Qc1 e5 12. dxe5 fxe5 13. Nbd2 d4 14. cxd4 exd4 15. Bf4 Nh6 16. Nb3 Nf5 17. Qd2 Qb6 18. Rab1 Be6 19. Rfe1 Bd5 20. Qd3 Rac8 21. Bd1 Nb4 22. Qe2 d3 23. Qd2 Rfd8 24. Ne5 Be6 25. Nf3 Nc2 26. Re4 Bd5 27. Re5 Bxe5 28. Bxe5 Be4 29. Bc3 Qa6 30. Ng5 Bc6 31. Bxc2 dxc2 32. Qxc2 Ba4 33. Nd2 Bxc2 0-1

[Event "COL-ch Superate B (Women)"]
[Site "Colombia"]
[Date "2015.10.15"]
[Round "6.8"]
[White "Corredor Agamez, Michelle"]
[Black "Vargas Siempira, Diana Alejandra"]
[Result "0-1"]
[WhiteElo "1333"]
[BlackElo "1681"]
[PlyCount "108"]
[EventDate "2015.10.15"]
[EventType "swiss (rapid)"]
[EventRounds "6"]
[EventCountry "COL"]
[SourceTitle "EXT 2024"]
[Source "ChessBase"]
[SourceDate "2023.10.10"]
[SourceVersion "1"]
[SourceVersionDate "2023.10.10"]
[SourceQuality "1"]

1. e4 e5 2. Nf3 Nc6 3. d4 exd4 4. Nxd4 d6 5. Nc3 Nf6 6. Nxc6 bxc6 7. g3 Bg4 8. Be2 Be6 9. h3 Qd7 10. Be3 Bxh3 11. Qd2 Bg2 12. Rh2 Nxe4 13. Nxe4 Bxe4 14. 0-0-0 Be7 15. Bd3 Bxd3 16. Qxd3 h6 17. f4 Qe6 18. a3 Qa2 19. Qc3 c5 20. Re2 0-0 21. g4 Bf6 22. Qb3 Qxb3 23. cxb3 Rab8 24. Rd3 Rfe8 25. g5 hxg5 26. fxg5 Bxg5 27. Kc2 Kf8 28. Kc3 Bxe3 29. Rdxe3 Rxe3+ 30. Rxe3 Re8 31. Rxe8+ Kxe8 32. Kc4 c6 33. b4 cxb4 34. axb4 g5 35. b5 cxb5+ 36. Kxb5 g4 37. b4 g3 38. Ka6 g2 39. b5 g1Q 40. Ka5 Qb6+ 41. Kb4 a6 42. Kc4 Qxb5+ 43. Kd4 Ke7 44. Ke4 Ke6 45. Kd4 Qd5+ 46. Kc3 Qe4 47. Kb3 Kd5 48. Kc3 Qc4+ 49. Kd2 Qb3 50. Ke2 Ke4 51. Kd2 Qd3+ 52. Kc1 Qe2 53. Kb1 Kd3 54. Kc1 Qc2# 0-1

[Event "Bogota Superate Cat B Avanzado Girls"]
[Site "Bogota"]
[Date "2015.10.13"]
[Round "4.4"]
[White "Medina Barrios, Lina Maria"]
[Black "Vargas Siempira, Diana Alejandra"]
[Result "1-0"]
[WhiteElo "1417"]
[BlackElo "1662"]
[PlyCount "101"]
[EventDate "2015.10.12"]
[EventType "swiss"]
[EventRounds "5"]
[EventCountry "COL"]
[SourceTitle "EXT 2024"]
[Source "ChessBase"]
[SourceDate "2023.10.10"]
[SourceVersion "1"]
[SourceVersionDate "2023.10.10"]
[SourceQuality "1"]

1. e4 e5 2. Nf3 Nc6 3. Bc4 Bc5 4. c3 Nf6 5. d3 h6 6. Nbd2 d6 7. Bb3 0-0 8. h3 Qe7 9. 0-0 Be6 10. Bc2 Bb6 11. Re1 Rfe8 12. Nf1 Qd8 13. Ng3 Ne7 14. Nh4 Nc6 15. Nhf5 Ne7 16. Qf3 Nxf5 17. Nxf5 Bxf5 18. Qxf5 Qd7 19. Qf3 Kh8 20. Bxh6 Nh7 21. Be3 Bxe3 22. Rxe3 Qe7 23. d4 Qf6 24. Rd1 Qxf3 25. Rxf3 Ng5 26. Rg3 Ne6 27. dxe5 dxe5 28. Rd7 Rf8 29. Bb3 Nc5 30. Rxc7 Nxe4 31. Rg4 Nd6 32. Rg5 Rae8 33. Rd7 Rd8 34. Rh5+ Kg8 35. Rxd8 Rxd8 36. Rxe5 Re8 37. Rxe8+ Nxe8 38. Kf1 Kf8 39. Ke2 Ke7 40. Kd3 f6 41. Ke4 Nd6+ 42. Kd5 Nc8 43. g4 Nb6+ 44. Ke4 Nd7 45. Kf5 g5 46. f4 gxf4 47. Kxf4 Nc5 48. Kf5 Nd3 49. h4 Nxb2 50. h5 Nd3 51. h6 1-0

[Event "Bogota Superate Cat B Avanzado Girls"]
[Site "Bogota"]
[Date "2015.10.12"]
[Round "2.2"]
[White "Gomez Guardo, Laura Melissa"]
[Black "Vargas Siempira, Diana Alejandra"]
[Result "1-0"]
[WhiteElo "1885"]
[BlackElo "1662"]
[PlyCount "80"]
[EventDate "2015.10.12"]
[EventType "swiss"]
[EventRounds "5"]
[EventCountry "COL"]
[SourceTitle "EXT 2024"]
[Source "ChessBase"]
[SourceDate "2023.10.10"]
[SourceVersion "1"]
[SourceVersionDate "2023.10.10"]
[SourceQuality "1"]

1. d4 d5 2. c4 e6 3. Nf3 Nf6 4. Nc3 c6 5. cxd5 exd5 6. Bg5 Be7 7. e3 Bf5 8. Be2 Nbd7 9. 0-0 0-0 10. Rc1 h6 11. Bh4 Ne4 12. Bxe7 Qxe7 13. Nd2 Ndf6 14. Bf3 Nxc3 15. Rxc3 Ne4 16. Nxe4 Bxe4 17. g3 Rfe8 18. Bg2 Bxg2 19. Kxg2 Qe4+ 20. Qf3 Qxf3+ 21. Kxf3 Kf8 22. Rfc1 Rec8 23. Rb3 Rab8 24. Ra3 a6 25. Rb3 Re8 26. Rb6 Rec8 27. Rc3 Rc7 28. Rcb3 a5 29. Ra6 b5 30. Rxa5 Ke7 31. Rc3 Rbb7 32. Ra6 Kd7 33. a3 Ra7 34. Rcxc6 Rxa6 35. Rxa6 Rb7 36. e4 dxe4+ 37. Kxe4 Rc7 38. Rb6 Rc2 39. Rxb5 Rxf2 40. h4 Re2+ 1-0

[Event "Bogota Superate Intercol Adv (Women)"]
[Site "Bogota"]
[Date "2014.10.24"]
[Round "1.7"]
[White "Vargas Siempira, Diana Alejandra"]
[Black "Cayetano, Zigrid Shely"]
[Result "1-0"]
[WhiteElo "1643"]
[BlackElo "1446"]
[PlyCount "45"]
[EventDate "2014.10.24"]
[EventType "swiss (blitz)"]
[EventRounds "8"]
[EventCountry "COL"]
[SourceTitle "EXT 2024"]
[Source "ChessBase"]
[SourceDate "2023.10.10"]
[SourceVersion "1"]
[SourceVersionDate "2023.10.10"]
[SourceQuality "1"]

1. e4 e5 2. Nf3 Nc6 3. Bc4 Nf6 4. d3 Nb4 5. Bg5 Bc5 6. Nc3 d5 7. Bxd5 Nfxd5 8. Bxd8 Nxc3 9. bxc3 Nxc2+ 10. Qxc2 Bxf2+ 11. Kxf2 b5 12. Bxc7 b4 13. Qa4+ Bd7 14. Qxb4 a5 15. Qb3 a4 16. Qb2 a3 17. Qb3 Ba4 18. Qb6 Bd7 19. Rab1 Bc8 20. Nxe5 Ra6 21. Qb5+ Bd7 22. Qxd7+ Kf8 23. Qxf7# 1-0

[Event "Bogota Superate Intercol Adv (Women)"]
[Site "Bogota"]
[Date "2014.10.23"]
[Round "4.8"]
[White "Tovar Meza, Lina"]
[Black "Vargas Siempira, Diana Alejandra"]
[Result "0-1"]
[WhiteElo "1425"]
[BlackElo "1705"]
[PlyCount "128"]
[EventDate "2014.10.23"]
[EventType "swiss (rapid)"]
[EventRounds "6"]
[EventCountry "COL"]
[SourceTitle "EXT 2024"]
[Source "ChessBase"]
[SourceDate "2023.10.10"]
[SourceVersion "1"]
[SourceVersionDate "2023.10.10"]
[SourceQuality "1"]

1. e4 e5 2. Nf3 Nc6 3. Bc4 Bc5 4. 0-0 d6 5. h3 Nf6 6. Nc3 a6 7. Ng5 0-0 8. d3 h6 9. Nf3 Be6 10. Bxe6 fxe6 11. Qe2 Nb4 12. Be3 Bxe3 13. fxe3 Qd7 14. a3 Nc6 15. d4 exd4 16. exd4 Rfe8 17. e5 dxe5 18. dxe5 Nd5 19. Rad1 Nxc3 20. bxc3 Qe7 21. Nd4 Nxd4 22. cxd4 Qxa3 23. d5 Qc5+ 24. Kh1 exd5 25. e6 Qd6 26. Rfe1 Re7 27. c4 c6 28. cxd5 cxd5 29. Qe5 Qxe5 30. Rxe5 Rae8 31. Rdxd5 Rxe6 32. Rxe6 Rxe6 33. Rd8+ Kh7 34. Rd7 b5 35. Rb7 Re1+ 36. Kh2 Rb1 37. Rb6 a5 38. g4 b4 39. Kg2 b3 40. Kf2 a4 41. Ke2 a3 42. Ra6 a2 43. Kd2 a1Q 44. Rxa1 Rxa1 45. Kc3 Rh1 46. Kxb3 Rxh3+ 47. Kc4 Rg3 48. Kd4 Rxg4+ 49. Ke3 Ra4 50. Kf3 Kg6 51. Kg3 Kf5 52. Kf3 Ra3+ 53. Kg2 Kf4 54. Kh2 Kg4 55. Kg2 Ra2+ 56. Kf1 Kg3 57. Ke1 Kf3 58. Kd1 Ke3 59. Kc1 Kd3 60. Kb1 Rh2 61. Kc1 g6 62. Kb1 Kc3 63. Ka1 Kb3 64. Kb1 Rh1# 0-1

[Event "Bogota Superate Intercol Adv (Women)"]
[Site "Bogota"]
[Date "2014.10.23"]
[Round "6.6"]
[White "Valencia Lopez, Daily Vanessa"]
[Black "Vargas Siempira, Diana Alejandra"]
[Result "1-0"]
[WhiteElo "1582"]
[BlackElo "1705"]
[PlyCount "71"]
[EventDate "2014.10.23"]
[EventType "swiss (rapid)"]
[EventRounds "6"]
[EventCountry "COL"]
[SourceTitle "EXT 2024"]
[Source "ChessBase"]
[SourceDate "2023.10.10"]
[SourceVersion "1"]
[SourceVersionDate "2023.10.10"]
[SourceQuality "1"]

1. e4 e5 2. Nf3 Nc6 3. Bb5 a6 4. Ba4 Nf6 5. 0-0 d6 6. Re1 Bg4 7. c3 Be7 8. d4 exd4 9. cxd4 0-0 10. Bb3 Bxf3 11. gxf3 Qd7 12. Kh1 Rfe8 13. Rg1 Bf8 14. Bg5 Na5 15. Bxf6 Kh8 16. Bg5 Qh3 17. Bxf7 Rec8 18. Rg3 Qd7 19. Bd5 c6 20. Bb3 b5 21. Nc3 Nb7 22. Qd2 a5 23. Rag1 a4 24. Bc2 Be7 25. Bxe7 Qxe7 26. Rxg7 Qxg7 27. Rxg7 Kxg7 28. Qg5+ Kf7 29. Qf5+ Kg7 30. Qd7+ Kh8 31. e5 Kg8 32. Qxh7+ Kf8 33. Qxb7 dxe5 34. Bg6 Kg8 35. Qf7+ Kh8 36. Qh7# 1-0

[Event "Bogota Superate Intercol (Women)"]
[Site "Bogota"]
[Date "2014.10.22"]
[Round "4.4"]
[White "Valencia Lopez, Daily Vanessa"]
[Black "Vargas Siempira, Diana Alejandra"]
[Result "1-0"]
[WhiteElo "1602"]
[BlackElo "1672"]
[PlyCount "166"]
[EventDate "2014.10.21"]
[EventType "swiss"]
[EventRounds "5"]
[EventCountry "COL"]
[SourceTitle "EXT 2024"]
[Source "ChessBase"]
[SourceDate "2023.10.10"]
[SourceVersion "1"]
[SourceVersionDate "2023.10.10"]
[SourceQuality "1"]

1. e4 e6 2. d4 d5 3. Nd2 Nf6 4. e5 Nfd7 5. Bd3 c5 6. c3 Qb6 7. Ne2 Nc6 8. Nf3 Be7 9. 0-0 h6 10. Re1 cxd4 11. cxd4 Nb4 12. Bb1 Nc6 13. a3 Qc7 14. Bd3 b6 15. Qc2 Bb7 16. Be3 Rc8 17. Rac1 Bd8 18. Ng3 Na5 19. Qxc7 Rxc7 20. Rxc7 Bxc7 21. Rc1 Bd8 22. Bb5 a6 23. Bd3 0-0 24. b4 Nc6 25. Bxa6 Bxa6 26. Rxc6 Bb7 27. Rc3 f5 28. Ne2 Ba6 29. Nf4 Re8 30. h3 g5 31. Nd3 f4 32. Bd2 Bc4 33. Nb2 Bb5 34. a4 Ba6 35. b5 Bb7 36. Nd3 Nf8 37. Nb4 Be7 38. Nc6 Bxc6 39. bxc6 Rc8 40. c7 Nd7 41. Rc6 Kf7 42. a5 bxa5 43. Bxa5 Nf8 44. Nd2 Ke8 45. Rb6 Kd7 46. Rb8 Rxc7 47. Bxc7 Kxc7 48. Re8 Kd7 49. Ra8 Bb4 50. Nb3 Kc7 51. Ra7+ Kd8 52. Rf7 Ke8 53. Rf6 h5 54. Rh6 h4 55. Nc5 Kf7 56. Rf6+ Ke7 57. Kh2 Bxc5 58. dxc5 Nd7 59. Rg6 d4 60. Kg1 d3 61. Kf1 Nxc5 62. Rg7+ Kd8 63. Rxg5 d2 64. Ke2 Ne4 65. Rg8+ Ke7 66. f3 d1R 67. Kxd1 Nc3+ 68. Ke1 Nd5 69. Kf2 Ne3 70. Rh8 Nf5 71. Rh5 Kf7 72. Rg5 Ne7 73. Ke2 Ng6 74. Kd2 Kg7 75. Rh5 Kg8 76. Kd3 Kg7 77. Kc4 Kf7 78. Kc5 Kg7 79. Kd6 Kf7 80. Rh7+ Kg8 81. Re7 Nxe7 82. Kxe7 Kg7 83. Kxe6 Kg6 1-0

[Event "COL-ch U14 Girls"]
[Site "Bogota"]
[Date "2014.06.02"]
[Round "7"]
[White "Medina Barrios, Lina Maria"]
[Black "Vargas Siempira, Diana Alejandra"]
[Result "0-1"]
[WhiteElo "1427"]
[BlackElo "1695"]
[PlyCount "36"]
[EventDate "2014.05.29"]
[EventType "swiss"]
[EventRounds "7"]
[EventCountry "COL"]
[SourceTitle "CBM 160 Extra"]
[Source "ChessBase"]
[SourceDate "2014.07.01"]
[SourceVersion "1"]
[SourceVersionDate "2014.07.01"]
[SourceQuality "1"]

1. e4 e5 2. Nf3 Nc6 3. d4 exd4 4. Bc4 Bb4+ 5. Bd2 Bxd2+ 6. Qxd2 Nge7 7. Nxd4 d6 8. 0-0 0-0 9. Nc3 Re8 10. Rfe1 Na5 11. Bb3 Nxb3 12. axb3 a6 13. Rad1 Ng6 14. Nf3 Bg4 15. Qe3 Ne5 16. Kh1 h6 17. Rd2 Bxf3 18. gxf3 Qf6 0-1

[Event "COL-ch U14 Girls"]
[Site "Bogota"]
[Date "2014.05.31"]
[Round "4"]
[White "Vargas Siempira, Diana Alejandra"]
[Black "Fraile Vela, Maria Isabel"]
[Result "0-1"]
[WhiteElo "1695"]
[BlackElo "1708"]
[PlyCount "48"]
[EventDate "2014.05.29"]
[EventType "swiss"]
[EventRounds "7"]
[EventCountry "COL"]
[SourceTitle "CBM 160 Extra"]
[Source "ChessBase"]
[SourceDate "2014.07.01"]
[SourceVersion "1"]
[SourceVersionDate "2014.07.01"]
[SourceQuality "1"]

1. e4 e5 2. Nf3 Nf6 3. Nc3 Nc6 4. Bc4 Bc5 5. d3 d6 6. Bg5 Bg4 7. h3 Bh5 8. Nd5 h6 9. Nxf6+ gxf6 10. Be3 Bxe3 11. fxe3 Bg6 12. Qd2 f5 13. exf5 Bxf5 14. Rf1 Bg6 15. Qf2 d5 16. Bb5 Qd6 17. Bxc6+ bxc6 18. Nh4 Rf8 19. Qf6 Qb4+ 20. Ke2 Kd7 21. Qxe5 Qxh4 22. Qc3 Qg3 23. Rg1 Bh5+ 24. Kd2 Qf2+ 0-1

[Event "COL-ch U14 Girls"]
[Site "Bogota"]
[Date "2014.05.30"]
[Round "3"]
[White "Viveros Torres, Erica Johana"]
[Black "Vargas Siempira, Diana Alejandra"]
[Result "1/2-1/2"]
[WhiteElo "1533"]
[BlackElo "1695"]
[PlyCount "42"]
[EventDate "2014.05.29"]
[EventType "swiss"]
[EventRounds "7"]
[EventCountry "COL"]
[SourceTitle "CBM 160 Extra"]
[Source "ChessBase"]
[SourceDate "2014.07.01"]
[SourceVersion "1"]
[SourceVersionDate "2014.07.01"]
[SourceQuality "1"]

1. e4 e5 2. Nf3 Nc6 3. Bc4 Bc5 4. b4 Bxb4 5. c3 Bc5 6. Qb3 Qe7 7. Bd5 d6 8. 0-0 Nf6 9. d3 h6 10. Bd2 Bb6 11. Bxc6+ bxc6 12. h3 0-0 13. Na3 Qe6 14. Nc4 Rb8 15. Qc2 Ba6 16. Ne3 Rfd8 17. Rfe1 c5 18. Nf5 Bb5 19. c4 Bd7 20. Qc1 Nh7 21. Kh1 Qf6 1/2-1/2